000
00260nam a2200109Ia 4500
008
230907s9999||||xx |||||||||||||| ||und||
082
_a
531.382
_b
SAD
100
_a
Sadd, Martin H.
_9
34510
245
0
_a
Elasticity :
300
_a
xvii, 582 pages :
942
_c
BK
999
_c
600944
_d
600944